00797nam a2200217 i 450000100060000000300090000600500170001500700030003200800410003508000200007610000270009624501320012326000340025530000300028965000380031970000270035770000300038485200220041499900170043695201260045326645ES-MaACL20230906153458.0t|030110s1961 sp a |||| | spa d a616.5-001.17-081 aArtz, Curtis P.92350413aEl tratamiento de las quemaduras / cpor Curtis P. Artz y Eric Reiss ; [versión... del inglés por el Dr. J. Morales Belda]. aMadrid : bAlhambra, c[1961] a263 p. : bil. ; c24 cm. 4aQuemaduras-xTratamiento.91525561 aReiss, Eric L.91614731 aMorales Belda, J.9161471 aES-MaACLjC-20899 c26645d26645 00104070aATENEOMbATENEOMcGaleríad2008-01-17eSCl0oC-20899p1027496r2023-02-23 00:00:00w2023-02-23yMONOGRAFIA